Т. 2 (рисунки, таблицы, чертежи); Геология юго-восточной части Западно-Сибирского артезианского бассейна и его палеозойского обрамления

Podrobná bibliografie
Parent link:Геология юго-восточной части Западно-Сибирского артезианского бассейна и его палеозойского обрамления: Диссертация на соискание ученой степени кандидата геолого-минералогических наук/ Ю. К. Смоленцев; Западно-Сибирский научно-исследовательский геологоразведочный нефтяной институт (ЗапСибНИГНИ) ; науч. рук. В. А. Нуднер. Т. 2 (рисунки, таблицы, чертежи).— , 1967
Jazyk:ruština
Vydáno: 1967
Témata:
Médium: MixedMaterials Kniha
KOHA link:https://koha.lib.tpu.ru/cgi-bin/koha/opac-detail.pl?biblionumber=142730

MARC

LEADER 00000nbm0a2200000 4500
001 142730
005 20231031142838.0
035 |a (RuTPU)RU\TPU\book\154679 
035 |a RU\TPU\book\154676 
090 |a 142730 
100 |a 20080911d1967 k y0rusy50 ca 
101 0 |a rus 
102 |a RU 
105 |a a m 000zy 
200 0 |a Т. 2 (рисунки, таблицы, чертежи) 
210 |d 1967 
215 |a 220 л.  |c ил.  |e карты 
461 |t Геология юго-восточной части Западно-Сибирского артезианского бассейна и его палеозойского обрамления  |o Диссертация на соискание ученой степени кандидата геолого-минералогических наук  |f Ю. К. Смоленцев  |g Западно-Сибирский научно-исследовательский геологоразведочный нефтяной институт (ЗапСибНИГНИ) ; науч. рук. В. А. Нуднер  |v Т. 2 (рисунки, таблицы, чертежи)  |d 1967 
610 1 |a диссертации 
610 1 |a артезианский бассейн 
610 1 |a гидрогеология 
610 1 |a палеозойские обрамления 
610 1 |a Западно-Сибирский бассейн 
610 1 |a гидрогеологические исследования 
610 1 |a рисунки 
610 1 |a таблицы 
610 1 |a чертежи 
610 1 |a карты 
675 |a 551.49(04)  |v 3 
675 |a 551.73(04)  |v 3 
801 1 |a RU  |b 63413507  |c 20080911  |g PSBO 
801 2 |a RU  |b 63413507  |c 20090929  |g PSBO 
942 |c BK